| 000 | 00895nam a2200277Ia 4500 | ||
|---|---|---|---|
| 001 | Para_1358 | ||
| 003 | CHAP | ||
| 008 | 220125s1999 xx 000 0 und d | ||
| 010 | _a200066 | ||
| 040 | _cCHAP | ||
| 090 | _aPA TESIS 1299 | ||
| 100 |
_aOsorio Díaz, Alfonso _984217 |
||
| 245 |
_aCaracterización morfológica y fisiológica de frutos de Crataegus spp. y hongos asociados en postcosecha / _c por Alfonso Osorio Díaz |
||
| 260 |
_aChapingo, Méx. : _b El autor |
||
| 300 | _a78 h. | ||
| 502 | _aTesis (Ing. Agr. Esp. en Parasitología Agrícola), UACh. Depto. Parasitología | ||
| 650 |
_aTejocote _9112033 |
||
| 710 |
_aUACh. Departamento de Parasitología Agrícola _9115877 |
||
| 901 | _aPA TESIS 1299 | ||
| 902 | _aA | ||
| 905 | _a0000001999 in 0000000000 00 | ||
| 910 | _a1999 | ||
| 942 | _cPARA | ||
| 942 |
_cPARA _d1 |
||
| 999 |
_c200066 _d200066 |
||